[Event "Memorial Nicola Palladino A"]
[Site "Milano ITA"]
[Date "2011.04.21"]
[Round "1"]
[White "Basso, Pier Luigi"]
[Black "Moroni, Luca jr"]
[Result "0-1"]
[WhiteElo "1996"]
[BlackElo "1815"]
[PlyCount "68"]
[EventDate "2011.04.21"]

1. e4 c5 2. Nf3 d6 3. d4 cxd4 4. Nxd4 Nf6 5. Nc3 a6 6. Bg5 e6 7. f4 Be7 8. Qf3
O-O 9. O-O-O Qc7 10. f5 Nc6 11. Nxc6 Qxc6 12. g4 b5 13. Bf4 b4 14. g5 bxc3 15.
gxf6 cxb2+ 16. Kb1 Bxf6 17. Rxd6 Qc5 18. Rd2 Bb7 19. Bd6 Qa5 20. Qe3 Rfd8 21.
fxe6 fxe6 22. Rg1 Bxe4 23. Qxe4 Qxd2 24. Bd3 Qh6 25. Bf4 Qh5 26. Qxe6+ Kh8 27.
Be2 Qc5 28. Be3 Qc3 29. Bf2 Rac8 30. Qf5 g6 31. Qe4 Qd2 32. Rf1 Re8 33. Qa4
Qxe2 34. Re1 Qxe1+ 0-1

[Event "Memorial Nicola Palladino A"]
[Site "Milano ITA"]
[Date "2011.04.21"]
[Round "1"]
[White "Cani, Gazmir"]
[Black "Virzi, Ettore"]
[Result "0-1"]
[WhiteElo "2132"]
[BlackElo "1963"]
[PlyCount "54"]
[EventDate "2011.04.21"]

1. d4 Nf6 2. c4 g6 3. Nc3 d5 4. Nf3 Bg7 5. Qb3 dxc4 6. Qxc4 O-O 7. e4 Nc6 8.
Be2 Bg4 9. Be3 e5 10. d5 Bxf3 11. gxf3 Nd4 12. Bxd4 exd4 13. Qxd4 Nh5 14. Qd2
Be5 15. h4 Qf6 16. Rd1 Rad8 17. Qg5 Qg7 18. Rg1 Nf4 19. h5 Nh3 20. h6 Qh8 21.
Qg2 Nxg1 22. Qxg1 c6 23. f4 Bxc3+ 24. bxc3 Qxc3+ 25. Kf1 cxd5 26. e5 Qh3+ 27.
Ke1 Qxh6 0-1

[Event "Memorial Nicola Palladino A"]
[Site "Milano ITA"]
[Date "2011.04.21"]
[Round "1"]
[White "Cantu', Guido"]
[Black "Gonella, Daniele"]
[Result "0-1"]
[WhiteElo "1892"]
[BlackElo "2022"]
[PlyCount "115"]
[EventDate "2011.04.21"]

1. e4 e5 2. Nf3 Nc6 3. d4 exd4 4. Nxd4 Bc5 5. Nxc6 Qf6 6. Qd2 Qxc6 7. Nc3 Bb4
8. Bd3 Ne7 9. O-O O-O 10. Qg5 f6 11. Qg3 Bxc3 12. bxc3 d6 13. Bd2 Be6 14. h4
Qc5 15. Rfb1 b6 16. Rb5 Qc6 17. h5 a6 18. h6 g6 19. Rh5 f5 20. e5 Rf7 21. Rh2
Raf8 22. exd6 Qxd6 23. Bf4 Qc6 24. Re1 Bxa2 25. Bg5 Qxc3 26. Qe3 Nd5 27. Qe2
Nf6 28. Bd2 Qc6 29. Rh3 Bd5 30. Rg3 Re8 31. Qf1 b5 32. Rxe8+ Qxe8 33. Re3 Re7
34. Qa1 Rxe3 35. Qxf6 Qe7 36. Qd4 Rxd3 37. cxd3 c6 38. Bc3 Kf7 39. Qg7+ Ke6 40.
Qe5+ Kd7 41. Qb8 c5 42. Qa7+ Ke8 43. Qxa6 b4 44. Qb5+ Kf7 45. Bxb4 cxb4 46.
Qxd5+ Kf8 47. Qa8+ Qe8 48. Qb7 Qe1+ 49. Kh2 Qe7 50. Qc8+ Kf7 51. Qc4+ Kf6 52.
d4 Kg5 53. Qc1+ Kh5 54. g3 Qf7 55. Kg2 g5 56. Qc5 b3 57. Qb6 f4 58. Qb5 0-1

[Event "Memorial Nicola Palladino A"]
[Site "Milano ITA"]
[Date "2011.04.21"]
[Round "1"]
[White "Cazzaniga, Walter"]
[Black "Attuati, Stefano"]
[Result "1-0"]
[WhiteElo "2079"]
[BlackElo "1958"]
[PlyCount "105"]
[EventDate "2011.04.21"]

1. d4 e6 2. c4 f5 3. Nf3 Nf6 4. g3 d5 5. Bg2 c6 6. O-O Bd6 7. b3 Qe7 8. Bb2 O-O
9. Qc2 Bd7 10. Nbd2 Be8 11. Rae1 Ne4 12. Ne5 Bb4 13. Bxe4 fxe4 14. Bc3 Bd6 15.
f4 Nd7 16. e3 Nf6 17. Rf2 Bh5 18. Rg2 Ng4 19. h3 Nh6 20. Nf1 Bxe5 21. dxe5 Bf3
22. Rf2 g5 23. cxd5 exd5 24. Qd2 Qe6 25. fxg5 Nf7 26. h4 b6 27. Nh2 Nxe5 28.
Qd4 Rae8 29. Nxf3 exf3 30. Qxe5 Qxe5 31. Bxe5 Rxe5 32. Rd2 d4 33. Kf2 dxe3+ 34.
Rxe3 Rxe3 35. Kxe3 Kg7 36. Rf2 c5 37. Rxf3 Re8+ 38. Kf4 Re2 39. a4 Rd2 40. Kg4
Rd4+ 41. Rf4 Rd3 42. b4 cxb4 43. Rxb4 Rd7 44. h5 Rc7 45. Re4 Rd7 46. h6+ Kf8
47. Rc4 Kf7 48. Kh5 Rd3 49. Rc7+ Kg8 50. Rg7+ Kh8 51. Rxa7 Kg8 52. Ra8+ Kf7 53.
Rb8 1-0

[Event "Memorial Nicola Palladino A"]
[Site "Milano ITA"]
[Date "2011.04.21"]
[Round "1"]
[White "Guzzetti, Luigi Enrico"]
[Black "Gongalov, Bojan"]
[Result "1-0"]
[WhiteElo "1908"]
[BlackElo "2061"]
[PlyCount "129"]
[EventDate "2011.04.21"]

1. e4 c5 2. Nf3 e6 3. d4 cxd4 4. Nxd4 a6 5. Nc3 Qc7 6. Be2 b5 7. O-O Bb7 8. a3
Nf6 9. Be3 Nxe4 10. Nxe4 Bxe4 11. Rc1 d5 12. f3 Bg6 13. f4 Be4 14. a4 bxa4 15.
c4 Qd7 16. c5 a3 17. bxa3 Nc6 18. Qa4 Nxd4 19. Qxd7+ Kxd7 20. Bxd4 Kc6 21. Rc3
Be7 22. Bd1 f6 23. Bg4 f5 24. Bd1 Bf6 25. Ba4+ Kc7 26. Bxf6 gxf6 27. Rf2 Rab8
28. Rg3 Rhg8 29. Rxg8 Rxg8 30. Rb2 Rb8 31. Rxb8 Kxb8 32. Kf2 Kc7 33. g3 e5 34.
Ke2 d4 35. Kd2 Bd5 36. Kd3 Ba2 37. Be8 Bb3 38. h3 Bd5 39. g4 Be6 40. g5 Kd8 41.
Bh5 fxg5 42. fxe5 g4 43. hxg4 fxg4 44. Kxd4 Kd7 45. Ke4 Kc6 46. Kd4 a5 47. Be8+
Kc7 48. Ke4 Bb3 49. Kf4 Bd1 50. Kg3 h6 51. Bh5 Kc6 52. e6 Kxc5 53. e7 Ba4 54.
Kxg4 Bd7+ 55. Kh4 Kc4 56. e8=Q Bxe8 57. Bxe8 Kb3 58. a4 Kb4 59. Kh5 Kc5 60.
Kxh6 Kb6 61. Kg5 Ka6 62. Kf5 Kb6 63. Ke5 Kc5 64. Bb5 Kb6 65. Kd6 1-0

[Event "Memorial Nicola Palladino A"]
[Site "Milano ITA"]
[Date "2011.04.21"]
[Round "1"]
[White "Nicolo', Filippo"]
[Black "Gaggino, Davide"]
[Result "1-0"]
[WhiteElo "2024"]
[BlackElo "1903"]
[PlyCount "69"]
[EventDate "2011.04.21"]

1. e4 e6 2. d4 d5 3. Nc3 Nf6 4. e5 Nfd7 5. f4 c5 6. Nf3 cxd4 7. Nxd4 Nc6 8. Be3
Nxd4 9. Bxd4 Qa5 10. Qg4 g6 11. O-O-O a6 12. h4 h5 13. Qh3 Bc5 14. Be2 b5 15.
g4 b4 16. Nb1 Qxa2 17. gxh5 gxh5 18. f5 Bxd4 19. Rxd4 Nxe5 20. Rxb4 Nc6 21. Rb6
Nd4 22. Qe3 Nxe2+ 23. Qxe2 Qc4 24. Qe5 Rg8 25. fxe6 fxe6 26. Rxe6+ Kd8 27. Rd6+
Bd7 28. Rxd5 Rc8 29. Nc3 Rc7 30. Rhd1 Kc8 31. R5d4 Qc6 32. Rd6 Qc4 33. Qd5 Qxd5
34. Nxd5 Bg4 35. Re1 1-0

[Event "Memorial Nicola Palladino A"]
[Site "Milano ITA"]
[Date "2011.04.01"]
[Round "1"]
[White "Pegoraro, Nicola"]
[Black "Bonassi, Tommaso"]
[Result "1-0"]
[WhiteElo "2016"]
[BlackElo "1865"]
[PlyCount "63"]
[EventDate "2011.04.21"]

1. e4 c5 2. Nf3 d6 3. d4 cxd4 4. Nxd4 Nf6 5. Nc3 a6 6. Bg5 e6 7. f4 Be7 8. Qf3
Qc7 9. O-O-O h6 10. Bh4 Nc6 11. e5 Nxd4 12. Rxd4 dxe5 13. Rc4 Qb8 14. fxe5 Qxe5
15. Bg3 Qa5 16. Ra4 Qb6 17. Bf2 Bc5 18. Bh4 Be3+ 19. Kb1 Bd4 20. Bb5+ Bd7 21.
Rxd4 Qxd4 22. Bxf6 Qxf6 23. Bxd7+ Ke7 24. Qe4 Qf5 25. Qb4+ Kxd7 26. Qxb7+ Kd6
27. Re1 Qg6 28. Ne4+ Ke5 29. Qc7+ Kf5 30. g4+ Kxg4 31. Qg3+ Kh5 32. Qh3# 1-0

[Event "Memorial Nicola Palladino A"]
[Site "Milano ITA"]
[Date "2011.04.21"]
[Round "1"]
[White "Pelizzola, Danilo"]
[Black "Miracola, Massimiliano"]
[Result "1/2-1/2"]
[WhiteElo "2063"]
[BlackElo "1929"]
[PlyCount "32"]
[EventDate "2011.04.21"]

1. e4 c5 2. Nf3 d6 3. Bb5+ Nd7 4. O-O Ngf6 5. Re1 a6 6. Bf1 g6 7. b3 Bg7 8. Bb2
O-O 9. c4 Qc7 10. Nc3 Ne5 11. d3 Bg4 12. Be2 Nc6 13. Nd5 Nxd5 14. Bxg7 Kxg7 15.
exd5 Bxf3 16. Bxf3 Nd4 1/2-1/2

[Event "Memorial Nicola Palladino A"]
[Site "Milano ITA"]
[Date "2011.04.21"]
[Round "1"]
[White "Petrone, Gianmario"]
[Black "Formento, Paolo"]
[Result "1/2-1/2"]
[WhiteElo "1849"]
[BlackElo "2004"]
[PlyCount "99"]
[EventDate "2011.04.21"]

1. e4 e6 2. d4 d5 3. Nc3 Bb4 4. e5 c5 5. a3 Bxc3+ 6. bxc3 Ne7 7. Qg4 O-O 8. Nf3
Nbc6 9. Bd3 f5 10. Qh4 Qa5 11. Bd2 Qa4 12. Ra2 Bd7 13. O-O cxd4 14. cxd4 Ng6
15. Qh5 Be8 16. Ng5 h6 17. Nxe6 Nf4 18. Nc5 Qxd4 19. Qf3 Nxd3 20. Nxd3 Nxe5 21.
Nxe5 Qxe5 22. Re1 Qf6 23. Bb4 Rf7 24. Qxd5 Bc6 25. Qe5 Re8 26. Qxf6 Rxe1+ 27.
Bxe1 Rxf6 28. Ra1 Rg6 29. g3 f4 30. Bb4 Be4 31. c4 Bd3 32. c5 Re6 33. Re1 Rxe1+
34. Bxe1 f3 35. h3 Kf7 36. Kh2 Ke6 37. g4 Kd5 38. Bb4 g6 39. Kg3 Ke4 40. Bd2 h5
41. gxh5 gxh5 42. Kh4 Bf1 43. Kxh5 Bxh3 44. Kh4 Bg2 45. Kg3 Kd3 46. Bb4 Kc4 47.
Kf4 Kb5 48. Ke4 a5 49. Bd2 Kxc5 50. Bxa5 1/2-1/2

[Event "Memorial Nicola Palladino A"]
[Site "Milano ITA"]
[Date "2011.04.21"]
[Round "1"]
[White "Piantoni, Pierino"]
[Black "Salmoiraghi, Angelo"]
[Result "0-1"]
[WhiteElo "1965"]
[BlackElo "2161"]
[PlyCount "84"]
[EventDate "2011.04.21"]

1. c4 e6 2. e4 d5 3. e5 d4 4. Nf3 Nc6 5. d3 f5 6. h4 Bb4+ 7. Nbd2 a5 8. a3 Be7
9. Nb1 Nh6 10. Bxh6 gxh6 11. Qd2 Bf8 12. Qf4 Bg7 13. a4 Nb4 14. Na3 c5 15.
O-O-O O-O 16. Rh3 Bd7 17. Rg3 Kh8 18. b3 Bc6 19. Kb2 Bxf3 20. Rxf3 Nc6 21. Re1
Qb8 22. Rh3 Nxe5 23. Qd2 Ng6 24. Rxe6 Nf4 25. Re7 Nxh3 26. gxh3 Re8 27. Rxe8+
Qxe8 28. Nc2 Qg6 29. h5 Qxh5 30. Bg2 Qg5 31. Qxg5 hxg5 32. Bxb7 Re8 33. Bf3 Be5
34. Bc6 Re6 35. Bd7 Rf6 36. Kc1 g4 37. h4 g3 38. fxg3 Bxg3 39. h5 f4 40. Kd1 f3
41. Bh3 Rf4 42. Ne1 Rh4 0-1

[Event "Memorial Nicola Palladino A"]
[Site "Milano ITA"]
[Date "2011.04.21"]
[Round "1"]
[White "Pierandrei, Cristiano"]
[Black "Astengo, Corrado"]
[Result "0-1"]
[WhiteElo "1963"]
[BlackElo "2119"]
[PlyCount "80"]
[EventDate "2011.04.21"]

1. Nf3 d5 2. d4 Nf6 3. c4 e6 4. g3 Be7 5. Bg2 O-O 6. O-O dxc4 7. Ne5 Nc6 8.
Nxc6 bxc6 9. Bxc6 Rb8 10. e3 Nd5 11. Nd2 Rb6 12. Qa4 c3 13. Nb3 Ba6 14. Re1 Bb4
15. Bxd5 Qxd5 16. e4 Qc4 17. bxc3 Bxc3 18. Qxc4 Bxc4 19. Ba3 Bxe1 20. Bxf8
Bxf2+ 21. Kxf2 Kxf8 22. Rc1 Bxb3 23. axb3 c6 24. d5 exd5 25. exd5 cxd5 26. Rc8+
Ke7 27. Rc7+ Ke6 28. Rxa7 Rxb3 29. h4 h5 30. Ra4 Rb2+ 31. Ke3 f6 32. Ra7 g6 33.
Ra8 Kf5 34. Ra4 g5 35. Rd4 Ke5 36. Ra4 d4+ 37. Rxd4 Rb3+ 38. Rd3 Rxd3+ 39. Kxd3
gxh4 40. gxh4 Kf4 0-1

[Event "Memorial Nicola Palladino A"]
[Site "Milano ITA"]
[Date "2011.04.21"]
[Round "1"]
[White "Zacco, Remo"]
[Black "Barberi, Alessandro"]
[Result "0-1"]
[WhiteElo "1942"]
[BlackElo "2077"]
[PlyCount "98"]
[EventDate "2011.04.21"]

1. e4 g6 2. d4 Bg7 3. Nc3 d6 4. Nf3 a6 5. h3 Nd7 6. Bd3 b6 7. Ne2 c5 8. c3 e5
9. Bc4 Qe7 10. Bd5 Ra7 11. dxe5 dxe5 12. Bg5 Ngf6 13. O-O O-O 14. Ng3 h6 15.
Bxf6 Nxf6 16. c4 Nxd5 17. cxd5 f5 18. Qb3 Qd6 19. Rad1 f4 20. Ne2 b5 21. Kh1 g5
22. Neg1 g4 23. Nh4 c4 24. Qc2 gxh3 25. gxh3 Qf6 26. Ngf3 Bxh3 27. Rg1 Qd6 28.
Rg6 Rf6 29. Rdg1 Raf7 30. Qd1 Rxg6 31. Rxg6 Rf6 32. Qg1 Rxg6 33. Nxg6 Kh7 34.
Nfh4 Bd7 35. Qh2 Be8 36. Nxf4 exf4 37. Nf5 Qe5 38. Qg2 Bg6 39. Nh4 Bxe4 40. f3
Bd3 41. Qg4 Qg5 42. Qh3 Bxb2 43. d6 Bf6 44. Ng2 Bf5 45. Qh2 c3 46. Ne1 Qg3 47.
Qe2 Kg6 48. Qe8+ Kg7 49. d7 Qh3+ 0-1

[Event "Memorial Nicola Palladino A"]
[Site "Milano ITA"]
[Date "2011.04.22"]
[Round "2"]
[White "Astengo, Corrado"]
[Black "Guzzetti, Luigi Enrico"]
[Result "1-0"]
[WhiteElo "2119"]
[BlackElo "1908"]
[PlyCount "87"]
[EventDate "2011.04.21"]

1. e4 c5 2. Nf3 e6 3. d4 cxd4 4. Nxd4 a6 5. Nc3 Qc7 6. Bd3 Nf6 7. O-O Nc6 8.
Be3 Be7 9. Kh1 d6 10. f4 e5 11. Nxc6 bxc6 12. h3 O-O 13. fxe5 dxe5 14. Bc4 Rb8
15. Qe2 Rxb2 16. Bb3 Bb4 17. Na4 Rxb3 18. axb3 Nxe4 19. Bb6 Ng3+ 20. Kh2 Nxf1+
21. Rxf1 Qb8 22. Qe4 Bd6 23. Qxc6 Bb7 24. Qd7 Bc8 25. Qc6 Be6 26. Rd1 Be7 27.
Bc7 Qb5 28. Qe4 f6 29. Rd3 Bf7 30. c4 Qb4 31. Rd7 Re8 32. Nb6 Qc5 33. b4 Qf2
34. c5 Be6 35. Rd3 Kh8 36. Rf3 Qd4 37. Qxd4 exd4 38. Rd3 Bd8 39. Bd6 Bxb6 40.
cxb6 Bc8 41. Rxd4 Rd8 42. Rc4 h6 43. Rxc8 Rxc8 44. b7 1-0

[Event "Memorial Nicola Palladino A"]
[Site "Milano ITA"]
[Date "2011.04.22"]
[Round "2"]
[White "Attuati, Stefano"]
[Black "Basso, Pier Luigi"]
[Result "0-1"]
[WhiteElo "1958"]
[BlackElo "1996"]
[PlyCount "74"]
[EventDate "2011.04.21"]

1. e4 c5 2. Nf3 Nc6 3. d4 cxd4 4. Nxd4 Nf6 5. Nc3 d6 6. Bc4 Qb6 7. Ndb5 a6 8.
Be3 Qa5 9. Nd4 Nxe4 10. Qf3 f5 11. O-O Ne5 12. Qe2 Nxc3 13. bxc3 Qxc3 14. Ne6
Qxc4 15. Qxc4 Nxc4 16. Nc7+ Kd7 17. Nxa8 Nxe3 18. fxe3 Kc6 19. a4 g6 20. Rab1
Bh6 21. Rb3 b5 22. axb5+ Kb7 23. bxa6+ Kxa8 24. Kf2 Ka7 25. Ra1 Rd8 26. c4 Rd7
27. Ra5 Rc7 28. Rb4 Bg7 29. Raa4 Rc6 30. Ke2 Bxa6 31. Ra2 d5 32. Kd2 dxc4 33.
Kc2 c3 34. Ra1 Rb6 35. Rba4 Kb7 36. Kc1 c2 37. R1a2 Bd3 0-1

[Event "Memorial Nicola Palladino A"]
[Site "Milano ITA"]
[Date "2011.04.22"]
[Round "2"]
[White "Barberi, Alessandro"]
[Black "Nicolo', Filippo"]
[Result "1-0"]
[WhiteElo "2077"]
[BlackElo "2024"]
[PlyCount "69"]
[EventDate "2011.04.21"]

1. d4 f5 2. Nc3 d5 3. f3 Nf6 4. Bg5 Nc6 5. Qd2 e6 6. O-O-O Bb4 7. e3 O-O 8. Bd3
a6 9. Nge2 b5 10. h3 Na5 11. a3 Nc4 12. Bxc4 Bxc3 13. Nxc3 bxc4 14. e4 Qd7 15.
e5 Ne8 16. g4 Rb8 17. Rdg1 Kh8 18. Rg2 Qc6 19. Rhg1 Qb7 20. Nd1 c6 21. c3 Qf7
22. f4 Nc7 23. Bh4 Ne8 24. Ne3 Bd7 25. Kb1 Rb3 26. Ka1 a5 27. Bd8 Rb5 28. gxf5
exf5 29. Qe1 Be6 30. Qh4 Rb7 31. Nf1 Rg8 32. Ng3 Nc7 33. Bxc7 Qxc7 34. Nh5 g6
35. Qf6+ 1-0

[Event "Memorial Nicola Palladino A"]
[Site "Milano ITA"]
[Date "2011.04.22"]
[Round "2"]
[White "Bonassi, Tommaso"]
[Black "Pierandrei, Cristiano"]
[Result "1-0"]
[WhiteElo "1865"]
[BlackElo "1963"]
[PlyCount "55"]
[EventDate "2011.04.21"]

1. e4 c5 2. Nf3 e6 3. d4 cxd4 4. Nxd4 Nf6 5. Nc3 d6 6. Be3 a6 7. g4 h6 8. Be2
Nc6 9. Qd2 Qc7 10. O-O-O Be7 11. h4 Nxd4 12. Bxd4 e5 13. Be3 Bxg4 14. Bxg4 Nxg4
15. Nd5 Qc6 16. Bb6 Bd8 17. Bxd8 Rxd8 18. Rhg1 Nf6 19. Rxg7 Nxe4 20. Qe2 Kf8
21. Rg4 Nc5 22. Qf3 Re8 23. Rdg1 e4 24. Qc3 Nd3+ 25. cxd3 Qd7 26. Rg8+ Rxg8 27.
Rxg8+ Kxg8 28. Nf6+ 1-0

[Event "Memorial Nicola Palladino A"]
[Site "Milano ITA"]
[Date "2011.04.22"]
[Round "2"]
[White "Chiarion, Elisa"]
[Black "Cani, Gazmir"]
[Result "1/2-1/2"]
[WhiteElo "1959"]
[BlackElo "2132"]
[PlyCount "79"]
[EventDate "2011.04.21"]

1. e4 c5 2. Nf3 e6 3. b3 d6 4. c4 Nf6 5. Nc3 Be7 6. Bb2 O-O 7. Be2 a6 8. O-O
Qc7 9. d4 cxd4 10. Nxd4 Nbd7 11. f4 b6 12. Rc1 Bb7 13. Bf3 Rad8 14. Kh1 Rfe8
15. Qe2 Bf8 16. g4 h6 17. Qg2 g5 18. e5 Bxf3 19. Nxf3 Nh7 20. fxg5 Nxe5 21.
gxh6 Nxf3 22. Rxf3 Bxh6 23. Rcf1 Ng5 24. R3f2 Re7 25. Ne2 Bg7 26. Bxg7 Kxg7 27.
Nf4 Qb7 28. Nh5+ Kf8 29. Qxb7 Rxb7 30. Nf6 d5 31. cxd5 exd5 32. Rf5 Ne4 33.
Rxd5 Rxd5 34. Nxd5 Rd7 35. Nxb6 Rd2 36. Nc4 Rxa2 37. Ne5 Nf2+ 38. Kg1 Nh3+ 39.
Kh1 Nf2+ 40. Kg1 1/2-1/2

[Event "Memorial Nicola Palladino A"]
[Site "Milano ITA"]
[Date "2011.04.22"]
[Round "2"]
[White "Formento, Paolo"]
[Black "Pelizzola, Danilo"]
[Result "1/2-1/2"]
[WhiteElo "2004"]
[BlackElo "2063"]
[PlyCount "71"]
[EventDate "2011.04.21"]

1. e4 e5 2. Nf3 Nc6 3. Bc4 Be7 4. O-O Nf6 5. d3 d6 6. h3 O-O 7. Qe2 a6 8. Bb3
Bd7 9. Bd2 Kh8 10. c3 Na5 11. Bc2 c5 12. d4 Qc7 13. dxe5 dxe5 14. c4 Nc6 15.
Ba4 Rad8 16. Bxc6 Bxc6 17. Nc3 b5 18. b3 h6 19. Rfe1 Rd4 20. Nxd4 cxd4 21. Nd5
Qb7 22. a3 Re8 23. Qd3 Nh7 24. f4 f6 25. fxe5 fxe5 26. Rf1 Bg5 27. Bxg5 Nxg5
28. Rf5 bxc4 29. bxc4 Bd7 30. Rff1 Bc6 31. Rab1 Qd7 32. Rfe1 Ne6 33. Nb4 Qe7
34. Nd5 Qd7 35. Nb6 Qb7 36. Nd5 1/2-1/2

[Event "Memorial Nicola Palladino A"]
[Site "Milano ITA"]
[Date "2011.04.22"]
[Round "2"]
[White "Gaggino, Davide"]
[Black "Piantoni, Pierino"]
[Result "1/2-1/2"]
[WhiteElo "1903"]
[BlackElo "1965"]
[PlyCount "55"]
[EventDate "2011.04.21"]

1. c4 Nf6 2. Nc3 e5 3. g3 Nc6 4. Bg2 d6 5. d3 Be6 6. e4 Nd4 7. h3 c6 8. Nge2
Nxe2 9. Qxe2 Be7 10. Be3 d5 11. exd5 cxd5 12. Bd2 dxc4 13. dxc4 O-O 14. O-O
Bxc4 15. Qxc4 Qxd2 16. Qb5 Qd6 17. Rad1 Qc5 18. Rfe1 Qxb5 19. Nxb5 e4 20. Nd6
Rad8 21. Nxe4 Rxd1 22. Rxd1 b6 23. Nxf6+ Bxf6 24. Rd7 Bxb2 25. Rxa7 g6 26. Bd5
Bd4 27. Kf1 Kg7 28. Ra8 1/2-1/2

[Event "Memorial Nicola Palladino A"]
[Site "Milano ITA"]
[Date "2011.04.22"]
[Round "2"]
[White "Gilevych, Artem"]
[Black "Zacco, Remo"]
[Result "1-0"]
[WhiteElo "2219"]
[BlackElo "1942"]
[PlyCount "59"]
[EventDate "2011.04.21"]

1. d4 Nf6 2. Nf3 d6 3. c4 Nbd7 4. Nc3 e5 5. e4 Be7 6. Be2 O-O 7. O-O Re8 8. Qc2
c6 9. Rb1 a5 10. a3 Bf8 11. Be3 g6 12. Rfd1 Qc7 13. Bf1 Bg7 14. c5 exd4 15.
cxd6 Qxd6 16. Bxd4 Qe7 17. Re1 Nf8 18. Rbd1 Ne6 19. Be3 h6 20. a4 Qc7 21. Nd2
b6 22. Nc4 Rb8 23. Qc1 Kh7 24. Nd6 Rf8 25. e5 Nd7 26. f4 Nec5 27. Bc4 Nxe5 28.
fxe5 Bxe5 29. Bxc5 bxc5 30. Rxe5 1-0

[Event "Memorial Nicola Palladino A"]
[Site "Milano ITA"]
[Date "2011.04.22"]
[Round "2"]
[White "Gonella, Daniele"]
[Black "Cazzaniga, Walter"]
[Result "1-0"]
[WhiteElo "2022"]
[BlackElo "2079"]
[PlyCount "104"]
[EventDate "2011.04.21"]

1. e4 e6 2. d4 d5 3. e5 c5 4. c3 Nc6 5. Nf3 Qb6 6. a3 c4 7. g3 Bd7 8. h4 O-O-O
9. Nbd2 Na5 10. Bh3 h6 11. O-O Ne7 12. Rb1 Kb8 13. Re1 Nc8 14. Qc2 Qc7 15. Nf1
Be7 16. N3d2 Nb6 17. Ra1 Ba4 18. Qb1 Rdg8 19. Ne3 g5 20. h5 Nc6 21. Bg4 Nd8 22.
Nf3 Nd7 23. Bh3 f6 24. Bxe6 Nxe6 25. Nxd5 Qc6 26. Nxe7 Qxf3 27. Qe4 Qxe4 28.
Rxe4 Re8 29. exf6 Nd8 30. Bd2 Nxf6 31. Re3 Nc6 32. Ng6 Rxe3 33. Bxe3 Re8 34.
Re1 Nxh5 35. Bf4+ gxf4 36. Rxe8+ Kc7 37. g4 Nf6 38. Rf8 Nxg4 39. Nxf4 Bd1 40.
Kg2 a5 41. Rf7+ Kb6 42. Nd5+ Ka7 43. f3 Nge5 44. dxe5 Nxe5 45. Rf5 Nd3 46. Ne3
Bb3 47. Rxa5+ Kb6 48. Rf5 Nxb2 49. Rf6+ Kc5 50. Rxh6 Na4 51. Rh5+ Kc6 52. Nd5
Bc2 1-0

[Event "Memorial Nicola Palladino A"]
[Site "Milano ITA"]
[Date "2011.04.22"]
[Round "2"]
[White "Gongalov, Bojan"]
[Black "Cantu', Guido"]
[Result "1/2-1/2"]
[WhiteElo "2061"]
[BlackElo "1892"]
[PlyCount "131"]
[EventDate "2011.04.21"]

1. d4 Nf6 2. c4 e6 3. g3 d5 4. Nf3 Be7 5. Bg2 O-O 6. O-O c6 7. Qc2 Nbd7 8. Rd1
b6 9. Ne5 Bb7 10. Nc3 Nxe5 11. dxe5 Nd7 12. cxd5 cxd5 13. e4 Nxe5 14. exd5 exd5
15. Nxd5 Rc8 16. Qe2 Bd6 17. b3 Re8 18. Be3 Bxd5 19. Rxd5 Qf6 20. Rad1 Bb8 21.
Qb5 Red8 22. Bh3 Rxd5 23. Qxd5 Re8 24. Bg2 h6 25. Bf4 h5 26. Qd2 Ng4 27. Bxb8
Rxb8 28. h3 Ne5 29. Qd6 Qxd6 30. Rxd6 Rc8 31. Rd2 Rc1+ 32. Kh2 g6 33. Bd5 Kg7
34. Kg2 Kf6 35. f4 Nc6 36. a3 Rc3 37. b4 Ne7 38. a4 Nxd5 39. Rxd5 Rc4 40. Rb5
Ke6 41. a5 bxa5 42. bxa5 Rd4 43. f5+ gxf5 44. Rc5 Kf6 45. h4 Kg6 46. Rc6+ f6
47. Ra6 f4 48. Rxa7 fxg3 49. Kxg3 Rg4+ 50. Kh3 Ra4 51. a6 Ra3+ 52. Kg2 Kf5 53.
Ra8 Kg4 54. a7 Kxh4 55. Kf2 f5 56. Kg2 f4 57. Kh2 Ra2+ 58. Kg1 f3 59. Kf1 Kh3
60. Kg1 h4 61. Kf1 Kh2 62. Rf8 Rxa7 63. Rxf3 Ra1+ 64. Kf2 Ra2+ 65. Kf1 Rg2 66.
Rf4 1/2-1/2

[Event "Memorial Nicola Palladino A"]
[Site "Milano ITA"]
[Date "2011.04.22"]
[Round "2"]
[White "Miracola, Massimiliano"]
[Black "Petrone, Gianmario"]
[Result "1/2-1/2"]
[WhiteElo "1929"]
[BlackElo "1849"]
[PlyCount "89"]
[EventDate "2011.04.21"]

1. e4 c5 2. Nf3 d6 3. d4 cxd4 4. Nxd4 Nf6 5. Nc3 a6 6. Be3 e5 7. Nb3 Be6 8. f3
Nbd7 9. g4 Nb6 10. g5 Nh5 11. Nd5 Nxd5 12. exd5 Bf5 13. Bd3 Bxd3 14. Qxd3 Be7
15. Qd2 O-O 16. O-O-O a5 17. Kb1 b5 18. Rhg1 b4 19. Nc1 Qc7 20. Ne2 a4 21. Qxb4
Rfc8 22. Qd2 Rab8 23. c3 Rb5 24. Ka1 Qb7 25. Rg2 Rb8 26. Nc1 Bd8 27. a3 Ba5 28.
Na2 g6 29. Nb4 Bxb4 30. cxb4 Ng7 31. Qc2 Nf5 32. Bg1 Rxd5 33. Qxa4 Ra8 34. Qb3
Rxd1+ 35. Qxd1 Qxb4 36. Rc2 Qf4 37. Qd5 Rf8 38. Rg2 Ne3 39. Bxe3 Qxe3 40. a4
Qf4 41. a5 Rc8 42. Rg4 Qc1+ 43. Ka2 Rb8 44. b4 Qc2+ 45. Ka1 1/2-1/2

[Event "Memorial Nicola Palladino A"]
[Site "Milano ITA"]
[Date "2011.04.22"]
[Round "2"]
[White "Salmoiraghi, Angelo"]
[Black "Pegoraro, Nicola"]
[Result "1/2-1/2"]
[WhiteElo "2161"]
[BlackElo "2016"]
[PlyCount "99"]
[EventDate "2011.04.21"]

1. d4 f5 2. Nf3 Nf6 3. g3 e6 4. Bg2 d5 5. c4 c6 6. O-O Bd6 7. Nc3 O-O 8. Qc2
Qe8 9. Rb1 Qh5 10. b4 Ne4 11. b5 Nd7 12. bxc6 bxc6 13. cxd5 exd5 14. Nxe4 fxe4
15. Qxc6 Rb8 16. Rxb8 Bxb8 17. Ba3 Re8 18. g4 Qxg4 19. Qxd5+ Kh8 20. Ng5 h6 21.
Nxe4 Nb6 22. Qc6 Bd7 23. Qb7 Qxe2 24. Bc5 Bg4 25. Bxb6 axb6 26. Ng3 Qxa2 27.
Qxb6 Ba7 28. Qg6 Qe6 29. Qxe6 Bxe6 30. d5 Bd7 31. Ra1 Bb6 32. Rb1 Rb8 33. Be4
Bc7 34. Rxb8+ Bxb8 35. Kf1 Kg8 36. Ke2 Kf7 37. Ke3 Ba7+ 38. Kf3 g6 39. Kg2 g5
40. Bf5 Ba4 41. Ne4 Bb3 42. Be6+ Ke7 43. Bg8 Kf8 44. Be6 Ke7 45. Kg3 Bc2 46.
Nc3 Bd3 47. Nd1 Bb8+ 48. Kg2 Bf4 49. f3 Kd6 50. Nf2 1/2-1/2

[Event "Memorial Nicola Palladino A"]
[Site "Milano ITA"]
[Date "2011.04.22"]
[Round "2"]
[White "Virzi, Ettore"]
[Black "Moroni, Luca jr"]
[Result "1/2-1/2"]
[WhiteElo "1963"]
[BlackElo "1815"]
[PlyCount "114"]
[EventDate "2011.04.21"]

1. e4 c5 2. Nf3 d6 3. d4 cxd4 4. Nxd4 Nf6 5. Nc3 a6 6. Bg5 e6 7. f4 Be7 8. Qf3
O-O 9. O-O-O Qc7 10. Qg3 Nbd7 11. Bd3 Rd8 12. Kb1 g6 13. Nf3 b5 14. e5 dxe5 15.
fxe5 Nh5 16. Qh4 Bxg5 17. Qxg5 Bb7 18. Be4 b4 19. Bxb7 Qxb7 20. Ne2 Qc7 21. g4
Ng7 22. Qe7 Rac8 23. Rd2 Qc6 24. Rf1 Nf8 25. Rxd8 Qxc2+ 26. Ka1 Rxd8 27. Nfd4
Qc8 28. Qxf7+ Kh8 29. Rc1 Qd7 30. Qxd7 Nxd7 31. Nc6 Rc8 32. Nxb4 Rxc1+ 33. Nxc1
Nxe5 34. h3 a5 35. Nbd3 Nc6 36. Nc5 e5 37. Kb1 Ne8 38. Kc2 Nd6 39. Kd3 Kg7 40.
a3 Kf6 41. Ne4+ Ke6 42. Nxd6 Kxd6 43. Ke4 Nb8 44. b4 axb4 45. axb4 Nd7 46. g5
Nb6 47. Nd3 Nc4 48. Nf2 Ke6 49. Kd3 Kd5 50. h4 Nd6 51. Ng4 e4+ 52. Ke2 Ke6 53.
Ke3 Kf5 54. Nh6+ Ke6 55. Ng4 Kf5 56. Nh6+ Ke5 57. Ng4+ Kf5 1/2-1/2